00542nam a2200157Ia 4500008004100000020001800041082001400059100003000073245005600103260002500159300001000184440003200194650004100226952010000267999001700367120622s9999 xx 000 0 und d a84-207-3607-4 a709 M333a aMarías Franco, Fernando aEl arte del renacimiento / Fernando Marías Franco aMadrid : Grupo Anaya a96 p. aBiblioteca básica de arte a1. ARTE - HISTORIA - RENACIMIENTOÌ 00104070a01b01d2007-01-25l4o709 M333Ap01 006699r2017-12-06s2017-12-06w2012-06-24yLB c56739d56739